Specifika dejstvija ekonomičeskich zakonov v mirovom socialističeskom chozjajstve

Guardado en:
Detalles Bibliográficos
Formato: Libro
Lenguaje:ruso
Publicado: Moskva Mysl' 1979
Etiquetas: Agregar Etiqueta
Sin Etiquetas, Sea el primero en etiquetar este registro!

MARC

LEADER 00000nam a2200000 4500
001 0215171
005 20230113123025.8
041 0 |a rus 
044 |a RU 
245 1 0 |a Specifika dejstvija ekonomičeskich zakonov v mirovom socialističeskom chozjajstve 
264 1 |a Moskva  |b Mysl'  |c 1979 
300 |a 261 s.